A noite em que a noite não chegou (Registo nº 591)

Detalhes MARC
000 -Etiqueta do registo
Cabeçalho 00835nam0a2200277 4500
005 - Identificador da versão
Campo de controlo 20240822152908.0
010 ## - Número internacional normalizado dos livros (ISBN)
Número (ISBN) 9726104440
021 ## - Número do Depósito Legal
Código do país PT
Número 169880/01
100 ## - Dados gerais de processamento
Dados gerais de processamento 20151029 2001 m y0pory500305 ba
101 0# - Língua de publicação
Língua do texto, banda sonora, etc. Português
Língua do documento no original Português
102 ## - Pais de publicação ou produção
País de publicação Portugal
200 1# - Titulo e menção de responsabilidade
Título próprio A noite em que a noite não chegou
Primeira menção de responsabilidade histórias e versos de José Fanha
Outras menções de responsabilidade il. de José Fanha
205 ## - Menção da edição
Menção da edição 1ª ed
210 ## - Publicação, Distribuição, etc. 
Lugar da edição, distribuição, etc. Porto
Nome do editor, distribuidor, etc. Campo das letras
Data da publicação, distribuição, etc. 2001
215 ## - Descrição física 
Indicação específica da natureza do documento e extensão da espécie 31, [2] p.
Outras indicações físicas il. color
225 2# - Colecção 
Título próprio da colecção O sol e a lua
Indicação de volume 12
606 ## - Nome comum usado como assunto
Número de registo de entrada de autoridade 0002010
Palavra de ordem Literatura portuguesa
Subdivisão de assunto Conto
Código do sistema CA
Número de registo de entrada de autoridade 0002007
Palavra de ordem Literatura portuguesa
Subdivisão de assunto Poesia
Código do sistema CA
675 ## - Classificação Decimal Universal (CDU)
Notação 821.134.3-34
Edição 3ª ed.
Língua da edição por
Notação 821.134.3-1
Edição 3ª ed.
Língua da edição por
700 #1 - Nome de autor-pessoa física (responsabilidade principal)
Número de registo de entrada de autoridade 0002652
Palavra de ordem Fanha
Outra parte do nome não tomada para palavra de ordem José
Datas 1951-
702 #1 - Nome de autor-pessoa física (responsabilidade secundária)
Número de registo de entrada de autoridade 0002652
Palavra de ordem Fanha
Outra parte do nome não tomada para palavra de ordem José
Datas 1951-
Código de função Ilustrador / Técnico de desenho computorizado
942 ## - Elementos de entrada adicionados (Koha)
Tipo de item no Koha Livro
966 ## - Identificação da Biblioteca
Sigla EB2,3ENM
Exemplares
Situação do levantamento Origin of item (home branch) (coded) Biblioteca de empréstimo Código de barras Cota Circulation type (not for loan) Tipo de documento Nota do exemplar Damaged status
  Biblioteca Escolar Eng. Nuno Mergulhão Biblioteca Escolar Eng. Nuno Mergulhão BENM1141 82LP-1 FAN   Livro Sem mensagem